Nomme les mobs du Nethers Minecraft - Statistiques

Statistiques générales
  • Ce quiz a été pris 25 fois
  • Le résultat moyen est 11 sur 16
Statistiques - réponses
Par images Réponse % Correct
Chiken
100%
Enderman
100%
Ghast
95%
Blaze
91%
Brute Piglin
91%
Piglin
91%
Zombified Piglin
91%
Magma Cube
82%
Wither
82%
Hoglin
68%
Zombified Hoglin
68%
Skeleton
50%
Wither Skeleton
50%
Strider
36%
Zombified Piglin Jockey
18%
Hoglin Jockey
14%
Aucun quiz correspondant
Distribution des résultats
% des personnes avec chaque résultat
Percentile par nombre de réponses
Votre historique - résultats
Vous n’avez pas pris ce quiz